Statistiques concernant Équipes Participantes aux JO sans Médailles

Cliquez ici pour prendre le quiz!

Statistiques générales

  • Ce quiz a été pris 38 fois
  • Le résultat moyen est 40 sur 75

Statistiques - réponses

Nombre de participations (total)Dernière participationÉquipes Olympiques% Correct
132020Belize
74%
122020Guinée
74%
312020Monaco
74%
82020Dominique
71%
122020Eswatini
71%
132020Honduras
71%
4
2020Îles Marshall
71%
102020Mauritanie
71%
182020Népal
71%
102020Oman
71%
122020Salvador
71%
22020Soudan du Sud
71%
82020Yémen
71%
242020Andorre
69%
122020Bénin
69%
62020Brunei
69%
52020Kiribati
69%
122020Lesotho
69%
72020Nauru
69%
42020Tuvalu
69%
112020Antigua-et-Barbuda
66%
102020Bhoutan
66%
72020Cap-Vert
66%
102020Gambie
66%
72020Guinée-Bissau
66%
102020Guinée Équatoriale
66%
142020Mali
66%
132020Nicaragua
66%
102020Seychelles
66%
72020Union des Comores
66%
102020Angola
63%
62020Palaos
63%
102020Rwanda
63%
72020Saint-Christophe-et-Niévès
63%
72020Sainte-Lucie
63%
102020Salomon
63%
102020Somalie
63%
132020Liberia
60%
152020Madagascar
60%
192020Malte
60%
112020Papouasie-Nouvelle-Guinée
60%
112020République centrafricaine
60%
92020Saint-Vincent-et-les Grenadines
60%
72020Sao Tomé-et-Principe
60%
122020Sierra Leone
60%
112020Malawi
57%
92020Maldives
57%
62020Micronésie
57%
132020Tchad
57%
72020Timor oriental
57%
92020Vanuatu
57%
212020Bolivie
54%
102020Laos
54%
112020République démocratique du Congo
54%
132020République du Congo
54%
102020Cambodge
51%
112020Libye
51%
132020
Albanie
49%
182020Birmanie
46%
102020Bangladesh
43%
21960Fédération de Malaisie
40%
152020
Bosnie-Herzegovine
37%
31948République de Chine
34%
102020Guam
17%
92020Îles Cook
14%
122020Îles Vierges Britanniques
14%
72020Palestine
14%
92020Aruba
9%
132020Îles Caïmans
9%
102020Samoa américaines
9%
22020Athlètes Réfugiés
3%
11956Bornéo du Nord
3%
11952Sarre
3%
21988Yémen du Nord
0%
11988Yémen du Sud
0%

Distribution des résultats

Percentile par nombre de réponses

% des personnes avec chaque résultat

Votre développement - résultats

Vous n’avez pas pris ce quiz